000 00353nam a2200145Ia 4500
005 20251222152658.0
008 251222s9999||||xx |||||||||||||| ||spa||
020 _a8478558853
082 _a371.201/M26
100 _aMartín Mateo, Ramón
245 0 _aManual de Derecho Administrativo
250 _a15°.ed.
264 _bTrivium S.A.
942 _cLIB
999 _c28738
_d28738